| 000 | 00503pab a2200181 454500 | ||
|---|---|---|---|
| 008 | 180718b2018 xxu||||| |||| 00| 0 eng d | ||
| 100 | _aTuraga Rama Mohana R. et al | ||
| 245 | _aState of inclusive growth in India: some perspectives | ||
| 260 | _c2018 | ||
| 300 | _ap.24-46. | ||
| 362 | _aJan-Mar | ||
| 650 | _aEconomic development - India | ||
| 650 | _aInclusive growth - India | ||
| 650 | _aEconomic growth - India | ||
| 650 | _aEconomic development | ||
| 773 | _aVikalpa | ||
| 909 | _a117269 | ||
| 999 |
_c117263 _d117263 |
||